000 00572nam a22001697a 4500
008 140520b xxu||||| |||| 00| 0 alb d
020 _a9789951437172
041 0 _aalb
080 _a53.081
_x(075.8)
100 _aSkenderi, Skender H.
245 1 0 _aSistemi ndërkombëtar i njësive SI /
_cSkender H. Skenderi, Besnik S. Skenderi
260 _aPrishtinë:
_bUniversiteti për Biznes dhe Teknologji: Fakulteti i Inxhinierisë Elektrike dhe Kompjuterike,
_c2012.
300 _a72 f.:
_bme il.;
_c21 cm
500 _aParathënie: f.3
650 0 _aNjësitë
942 _2udc
_cBK
999 _c453
_d453